000 00583nam a22002057a 4500
003 DO-SdBNP
005 20221128084038.0
007 ta
008 110301s2012 dr ao 000 0 spa d
040 _aDO-SdBNP
_bspa
_cBNPHU
082 4 _axxxx
_bxxx
245 0 0 _aPunta Cana discount book :
_bthe pleasure of shopping /
260 _aRepública Dominicana :
_bAame group,
_c2012.
300 _a117 p. :
_bil., fot.
_c16 cm.
500 _aLibro de cupones de descuentos.
500 _aLibro en ingles.
590 _aInventariado, 2022/ YL
910 _aYLockward
942 _2ddc
_cLBS1
999 _c53006
_d53006